Statistics for 6 Groupings of 2 countries with similar population

Click here to take the quiz!

General Stats

  • This quiz has been taken 5 times
  • The average score is 3 of 6

Answer Stats

HintAnswer% Correct
AngolaPeru
80%
CanadaPoland
80%
CyprusMauritius
60%
VanuatuIceland
40%
JamaicaArmenia
20%
SlovakiaCongo
20%

Score Distribution

Percentile by Number Answered

Percent of People with Each Score

Your Score History

You have not taken this quiz